000 00644nam a2200277Ia 4500
005 20260324150452.0
008 008 260324s9999 xx 000 0 eng d
020 _a9781003135968
037 _aEBOOK
040 _aCRL
040 _beng
040 _cCRL
041 _2eng
041 _aeng
084 _qCRL
100 _aJudith Djamour
_91226525
245 4 _aThe Muslim Matrimonial Court in Singapore
260 _bTaylor and Francis
260 _c1966
365 _a
365 _b180
856 _uhttp://www.taylorfrancis.com/books/9781003135968
942 _cEBOOK
999 _c1836017
_d1836017